| 000 | 01206nam a2200289 i 4500 | ||
|---|---|---|---|
| 003 | DO-SdBNP | ||
| 005 | 20250822094743.0 | ||
| 007 | ta | ||
| 008 | 250822t2025 dr 000 0 spa d | ||
| 020 | _z9789945656213 | ||
| 040 |
_aDO-SdBNP _bspa _cBNPHU _erda |
||
| 041 | _aspa | ||
| 082 |
_axxxx _bS572 _222 |
||
| 100 | 1 |
_aSierra Pérez, Ireni Arvelis, _d1974- _eautora _4aut. _988201 |
|
| 245 | 1 | 0 |
_aRaíces y sentimientos / _cIrení Arvelis Sierra Pérez |
| 250 | _aPrimera edición | ||
| 264 | 1 |
_aSanto Domingo : _bEditorial Santuario, _c2025. |
|
| 300 |
_a70 páginas _c24 cm. |
||
| 336 |
_atexto _btxt _2rdacontent |
||
| 337 |
_asin mediación _bn _2rdamedia |
||
| 338 |
_avolumen _bnc _2rdacarrier |
||
| 500 | _aIncluye datos biográficos de la autora en la solapa de la cubierta. | ||
| 520 | _aEste poemario es un reflejo de los sentimientos más profundos que habitan en el ser humano: el amor y el desamor, la patria y la nostalgia, la familia y los recuerdos que nos acompañan a lo largo de la vida. Cada poema es un susurro del alma, una conexión entre el ayer y el hoy, entre la esperanza y la melancolía. | ||
| 590 | _aInventariado, 2025/ YL | ||
| 910 | _aYLockward | ||
| 942 |
_2ddc _cLBS1 |
||
| 999 |
_c59808 _d59808 |
||